| 000 | 00959nam a22001937a 4500 | ||
|---|---|---|---|
| 005 | 20210325174353.0 | ||
| 008 | s2538 th tha d | ||
| 041 | _atha | ||
| 050 | _aJS7404.1 ก437 2538 | ||
| 245 | 1 | 0 | _aการกระจายอำนาจท้องถิ่นของสังคมไทย : เสียงเพรียกจากภาคประชาชน |
| 260 | 3 |
_a[นครราชสีมา] : _bศูนย์ข้อมูลท้องถิ่นเพื่อการพัฒนา สถาบันราชภัฏนครราชสีมา, _c2538 |
|
| 300 |
_a40 หน้า ; _b 21 ซม. |
||
| 650 | 0 | 4 | _aการกระจายอำนาจปกครอง -- ไทย |
| 650 | 0 | 4 | _aการกระจายอำนาจส่วนท้องถิ่น |
| 850 | _aNALT | ||
| 942 | _cGB | ||
| 997 | _c000000000003877 | ||
| 998 | _aJETANANARD SUWANDEE | ||
| 999 |
_c3877 _d3877 |
||